| 000 | 01002nam a22002895a 4500 | ||
|---|---|---|---|
| 001 | 18668858 | ||
| 005 | 20161010112039.0 | ||
| 008 | 150622s2015 ii a frbd 001 0 eng d | ||
| 010 | _a 2015431001 | ||
| 020 | _a9789351526391 | ||
| 040 |
_aDLC _beng _cDLC _dEG-ScBUE |
||
| 082 | 0 | 4 |
_a617.6 _bJAJ _222 |
| 100 | 1 |
_aJaju, Prashant P. _941365 |
|
| 245 | 1 | 0 |
_aCone beam computed tomography : _ba clinician's guide to 3D imaging / _cPrashant P. Jaju ; forword by Stuart C. White. |
| 250 | _a1st. ed. | ||
| 260 |
_aNew Delhi : _bJaypee Brothers Medical Publisher / The Health Sciences Publisher, _c2015. |
||
| 300 |
_axii, 113 p. : _bill. (col.) ; _c29 cm. |
||
| 500 | _aIndex : p. 111-113. | ||
| 500 | _aIncludes glossary. | ||
| 504 | _aIncludes bibliographical references. | ||
| 650 | 7 |
_aTeeth _xRadiography. _2BUEsh _940764 |
|
| 650 | 0 |
_aTomography _2BUEsh |
|
| 651 | _2BUEsh | ||
| 653 |
_bDDent _cOctober2016 |
||
| 700 | 1 |
_aWhite, Stuart C., _eauthor of introduction, etc. _941370 |
|
| 942 | _2ddc | ||
| 999 |
_c22477 _d22449 |
||